| 000 | 00929nam0a22002771 4500 | ||
|---|---|---|---|
| 001 | rc\4302853 | ||
| 005 | 20250612042917.0 | ||
| 021 |
_aRU _b[58-71053] |
||
| 035 | _a(NLR Aleph) 008503165 | ||
| 090 |
_a8121965 _c8121965 |
||
| 100 | _a20130416d1958 |||y0rusy50 ca | ||
| 101 | 0 | _arus | |
| 102 | _aRU | ||
| 105 | _aa z ||||| | ||
| 200 | 1 | _aДуговая электрическая резка металлов | |
| 210 |
_aМосква _cТрудрезервиздат _d1958 |
||
| 215 |
_a67 с. _cил. _d22 |
||
| 225 | 1 | _aНовая техника и передовые методы труда | |
| 606 |
_aЭлектрорезка газо-дуговая _2psbo |
||
| 700 | 1 |
_aВасильев _bК.В. _gКирилл Васильевич |
|
| 701 | 1 |
_aШапиро _bИ.С. _gИлья Самуилович |
|
| 801 | 0 |
_aRU _bNLR _gpsbo |
|
| 801 | 1 |
_aRU _bELAR _2rusmarc |
|
| 852 |
_aNLR _j59-6/420 |
||
| 942 | _cBOOK | ||
| 980 | _aNB | ||